000 00550nam a2200229Ia 4500
003 OSt
005 20220924143120.0
006 a|||||r|||| 00| 0
007 ta
008 220923b |||||||| |||| 00| 0 pur d
024 _a306709
037 _cTextual
040 _aARTS
_cARTS
_bpur
041 _2pur
_apur
082 _aP164:4k, 168C4
100 _aKarimuddin
245 0 _aKarimulloghat
260 _c1894
650 _aLINGUISTICS
942 _hP164:4k, 168C4
_cTEXL
_2CC
999 _c453198
_d453198